Biggest Cities in the Sun Belt on a Map - Statistics

General Stats
  • This quiz has been taken 23,891 times
    23,643 since last reset
  • The average score is 17 of 20
Answers on the Map
Answers color-coded by a green-red scale on the quiz's map according to % correct below.
 
Answer Stats
Population Increase City % Correct
12,927,614 4% Los Angeles
99%
6,457,988 22% Miami
99%
8,344,032 38% Dallas / Fort Worth
97%
4,648,486 11% San Francisco
97%
7,796,182 40% Houston
96%
2,398,871 19% Las Vegas
95%
6,411,149 33% Atlanta
93%
5,186,958 37% Phoenix
92%
3,298,799 15% San Diego
92%
2,550,637 51% Austin
90%
2,940,513 44% Orlando
89%
3,424,560 30% Tampa
84%
2,463,127 27% Sacramento
82%
2,763,006 55% San Antonio
80%
1,760,548 31% Jacksonville
79%
2,883,370 40% Charlotte
73%
1,339,345 9% Memphis
72%
1,995,484 13% San Jose
71%
1,562,009 49% Raleigh
69%
4,744,214 31% Riverside
39%
No matching quizzes found
Score Distribution
Percent of People with Each Score
Percentile by Number Answered
Your Score History
You have not taken this quiz since the last reset